Desarrollo como libertad en América Latina : fundamentos y aplicaciones /

Guardado en:
Detalles Bibliográficos
Autor principal: Nebel, Mathias (coord.)
Otros autores: Flores Crespo, Pedro (coordinación) (coordinación), Herrera Rendón, Teresa (coordinación) (coordinación)
Formato: Libro
Idioma:Español
Publicado: México : Universidad Iberoamericana, Plantel Santa Fe, 2014, c2014
Temas:
Etiquetas: Agrega una etiqueta
Sin etiquetas, Sé el primero en etiquetar este registro!

MARC

LEADER 00000nam^a2200000^a^4500
001 000346868
005 20250521000000.0
009 20260310114758.967
020 |a 978-607-417-261-4 
037 |a Acervo ITESO - Biblioteca 
041 |a ESP 
082 |a 330. 980  |b NEB 
100 |a Nebel, Mathias  |e (coord.) 
245 1 0 |a Desarrollo como libertad en América Latina :  |b fundamentos y aplicaciones /  |c Coord. de M. Nebel, P. Flores Crespo, T. Herrera Rendón. 
264 4 |a México :  |b Universidad Iberoamericana, Plantel Santa Fe,  |c 2014, c2014 
300 |a 442 p. 
336 |a texto  |b txt  |2 rdacontenido 
337 |a sin mediación  |b n  |2 rdamedio 
338 |a volumen  |b nc  |2 rdasoporte 
649 |a XX 
650 |a Libertad -  |z Latinoamérica -  |x Tema Principal 
650 |a Pobreza -  |z Latinoamérica 
650 |a Igualdad y Desigualdad -  |z Latinoamérica 
650 |a Identidad Cultural -  |z Latinoamérica 
650 |a Competitividad-  |z Latinoamérica -  |x Tema Principal 
650 |a Desarrollo Sustentable -  |z Latinoamérica 
650 |a Desarrollo Económico-Social -  |z Latinoamérica -  |x Tema Principal 
650 |a Política Social -  |z Latinoamérica 
650 |a Políticas Públicas -  |z Latinoamérica 
650 |a Economía -  |z Latinoamérica -  |x Historia -  |y Siglo XX 
650 |a Economía -  |z Latinoamérica -  |x Historia -  |y Siglo XXI 
700 |a Flores Crespo, Pedro  |e (coordinación) 
700 |a Herrera Rendón, Teresa  |e (coordinación) 
910 |a Fondo General 
920 |a Impresos - Libros 
930 |a Colección General 
905 |a 101 
901 |a 0500237353  |b IT1  |c ACC  |i D64211  |u 20250521 
902 |a https://opac.biblio.iteso.mx/vufind/Record/000346868